000 00474nam a2200181Ia 4500
001 9412
005 20260306161716.0
008 260306t2017||||xx |||||||||||||| ||spa||
041 _aESP
082 _a378.85
_bD18
100 _aD´Alessio Ipinza, Fernando
_eAUT
245 0 _aPlaneamiento estratégico de la educación superior privada en el Perú
260 _c2017
300 _a281 páginas :
_c29 cm.
650 _aGEN
654 _aCED
942 _cLIB
_dJUS
_fJUS
_2ddc
_n
999 _c9412
_d9412